00336nam a2200109Ia 4500008004100000082001800041100003500059245006100094250001600155260004600171300000900217210430s9999 xx 000 0 und d a519.5 H7141 I aRobert V. Hogg, Allen T. Craig aIntroduction to Mathematical Statistics /cRobert V.Hogg a4th edition aIslamabadbNational Book Foundationc1962 a437p